Normal view
MARC view
Entry Personal Name
001 - CONTROL NUMBER
- control field: 11712
003 - CONTROL NUMBER IDENTIFIER
- control field: PK-LaUMT
005 - DATE AND TIME OF LATEST TRANSACTION
- control field: 20260514124619.0
008 - FIXED-LENGTH DATA ELEMENTS
- fixed length control field: 260514|| aca||aabn | a|a d
040 ## - CATALOGING SOURCE
- Original cataloging agency: PK-LaUMT
- Transcribing agency: PK-LaUMT
100 ## - HEADING--PERSONAL NAME
- Personal name: Carikci , Emin
670 ## - SOURCE DATA FOUND
- Source citation: Work cat.: (PK-LaUMT)101801: Carikci , Emin, The economic impact of temporary manpower migration in selected OIC member countries/, 1987
